Normal view
MARC view
- تأليف: Belkaoui- Ahmed Riahi؛تعريب:رياض العبدالله؛ مراجعة:طلال الججاوي
Entry Personal Name
001 - CONTROL NUMBER
- control field: 28736
003 - CONTROL NUMBER IDENTIFIER
- control field: JO-AjAnu
005 - DATE AND TIME OF LATEST TRANSACTION
- control field: 20230606074851.0
008 - FIXED-LENGTH DATA ELEMENTS
- fixed length control field: 230606|| aca||aabn | a|a d
040 ## - CATALOGING SOURCE
- Original cataloging agency: JO-AjAnu
- Transcribing agency: JO-AjAnu
100 ## - HEADING--PERSONAL NAME
- Personal name: تأليف: Belkaoui- Ahmed Riahi؛تعريب:رياض العبدالله؛ مراجعة:طلال الججاوي
670 ## - SOURCE DATA FOUND
- Source citation: Work cat.: (JO-AjAnu)14750: تأليف: Belkaoui- Ahmed Riahi؛تعريب:رياض العبدالله؛ مراجعة:طلال الججاوي , author, نظرية محاسبية=Accounting Theory1